000 00210nam a2200085Ia 4500
008 120527s9999 xx 000 0 und d
100 _aEBRILL, P.Liam
245 _aPoland:The path to a market economy
942 _cBK
999 _c25321
_d25321